000 00901nam a2200253 a 4500
001 1900230
005 19841116000000.0
008 840208s1983 enka j e 00| 0deng d
010 _a 84115939
020 _a1850511276
040 _aDLC
_cDLC
_dDLC
050 0 0 _aAG6
_b.G66 1983
082 0 0 _a032
_222
_bGOO
100 1 _aGoodenough, Simon.
_910410
245 1 0 _a1500 Fascinating Facts /
_cSimon Goodenough, with additional text by Tim Dowley ... [et al.].
260 _aLondon :
_bOctopus Books, 1983
_c1983.
300 _a282 p. :
_bill. ;
_c28 cm.
500 _aDonation
650 0 _aChildren's encyclopedias and dictionaries.
_910411
700 1 _aDowley, Tim.
_910412
740 0 _aFifteen hundred fascinating facts.
942 _2ddc
_cBB
999 _c13149
_d13149